000 00361nam a2200133Ia 4500
005 20260328104341.0
008 260328s9999||||xx |||||||||||||| ||und||
100 _aKaira Looro
245 0 _aKaira Looro Architecture Competition :
_b Peace Pavilion /
_cKaira Looro
260 _bIndependently published
300 _a284 p.
650 _aPABELLONES
942 _cBK
999 _c12093
_d12093